| 000 | 00926nam a2200241 a 4500 | ||
|---|---|---|---|
| 001 | 000026451 | ||
| 005 | 20260429135248.0 | ||
| 008 | 110318s1960 dr r 000 p spa d | ||
| 040 |
_aDO-SdBNP _bspa _cBNPHU |
||
| 082 |
_aRD864.44 _bF363e |
||
| 100 | 1 |
_aFernández Spencer, Antonio, _d1922-1995 _922525 |
|
| 245 | 1 | 0 |
_aEnsayos literarios / _cAntonio Fernández Spencer, Manuel Valldeperes, Carlos Federico Pérez. |
| 260 |
_aCiudad Trujillo, República Dominicana : _bAteneo Dominicano, _c1960. |
||
| 300 |
_a142 p. ; _c22 cm. |
||
| 500 | _aIncluye referencias bibliográficas y notas al pie de las páginas | ||
| 590 | _aInventariado, 2018/BT | ||
| 650 | 0 |
_aEnsayos dominicanos _965 |
|
| 650 | 0 |
_aLiteratura dominicana. _967 |
|
| 650 | 0 |
_aLiteratura _xHistoria y crítica _9835 |
|
| 700 | 1 |
_aValldeperes, Manuel _923258 |
|
| 700 | 1 |
_aPérez, Carlos Federico, _d1912-1984 _924849 |
|
| 910 | _aValidado. Control de calidad MFF | ||
| 999 |
_c25943 _d25943 |
||